=LDR 00000nam 2200000 4500 =001 INLIS000000000008049 =005 20260126075318 =035 ##$$a 0010-1222000159 =245 1#$$a Creativity To Commerce /$c Arief Yahya =100 1#$$a YAHYA, Arief =300 ##$$a xiv, 163 halaman : $b Gambar ; $c 14x21 cm =260 ##$$a Jakarta :$b PT Gramedia Pustaka Utama,$c 2014 =020 ##$$a 978-602-03-1176-0 =650 #4$$a Lembaga Perkreditan =520 ##$$a Industri Kreatif adalah industri yang sangat dinamis. Baik yang berbasis digital maupun tidak. Apalagi, di era sekarang ini, industri kreatif bahkan bisa menjadi industri yang menopang perekonomian suatu negara secara signifikan. =008 260126###########################0#ind## =082 ##$$a 332.7 =084 ##$$a 332.7 YAH c =250 ##$$a Cet. 1 =856 ##$$a OPAC ( Ruang Referensi , Rak-4.1) =990 ##$$a 519/H-21